000 01211nam a2200313 a 4500
001 000039677
003 DO-SdBPM
005 20250923111832.0
007 ta
008 130715s2012 dr ad 000 0 spa d
040 _aDO-SdBNP
_bspa
_cBPMSU
_drda
082 4 _a331.4
_bG216s 2012
_222
100 1 _aGarcía Domínguez, Mar
_eautor
245 1 0 _aSituación laboral de las mujeres en República Dominicana /
_bMar García Domínguez
264 _aSanto Domingo :
_bOfina Nacional de Estadística, (ONE)
_c2012.
300 _a105 páginas :
_bil., gráficos ;
_c29 cm.
336 _atexto
_btxt
_2rdacontent
337 _asin mediación
_bn
_2rdamedia
338 _avolumen
_bnc
_2rdacarrier
504 _aIncluye referencias bibliográficas y notas al pie de las páginas
590 _aInventariado, 2025/VM
650 7 _aMercado laboral
_zRepública Dominicana
650 7 _aTrabajo de la mujer
_zRepública Dominicana
650 7 _aMujeres en la industria
_zRepública Dominicana
_xEstadísticas
650 7 _aMujeres
_zRepública Dominicana
_xCondiciones económicas
710 1 _aRepública Dominicana.
_bOfina Nacional de Estadística
910 _aVMateo V. Control de calidad BPMSU
942 _2ddc
_cBK
999 _c15422
_d15422